Movies Quiz

Random Movies or Logo Quiz
Score 0/24 Timer 07:00
0 Plays Today
Movie % Correct
Monsters Inc.
92.9%
Charlie and the Chocolate Factory
92.6%
Batman
78.6%
Dodgeball
69.7%
Iron Man
68.7%
Harry Potter and the Sorcerer's Stone
66%
Ghostbusters
64.8%
Ri¢hie Ri¢h
60.1%
Cars
43.6%
Annie
43.4%
Spider-Man
42.9%
Back to the Future Part II
40.7%
Movie % Correct
Jurassic Park
37.7%
Vacation
36.5%
Terminator
31.8%
Soylent Green
29.6%
Resident Evil
29.5%
WALL-E
29.3%
Die Hard
22.1%
The Hitchhiker's Guide to the Galaxy
17.9%
Blade Runner
16.6%
Robocop
14.2%
Alien
13.3%
Austin Powers: International Man of Mystery
9.3%
Come Together.
Have Fun.
All Virtual.
We all need to come together. Play Sporcle's virtual live trivia to have fun, connect with people, and get your trivia on. Join a live hosted trivia game for your favorite pub trivia experience done virtually. If a virtual private party is more your thing, go here for details.

You're not logged in!

Compare scores with friends on all Sporcle quizzes.
OR
Log In

Sporcle TV

Today on Sporcle TV


Watch our educational content, quiz creation guides, and fun videos on Sporcle TV.

Show Comments

Extras

Top Quizzes Today


Score Distribution

Paid Content

Your Account Isn't Verified!

In order to create a playlist on Sporcle, you need to verify the email address you used during registration. Go to your Sporcle Settings to finish the process.

Report this User

Report this user for behavior that violates our Community Guidelines.

Details: